000 00642nam a22002057a 4500
005 20251108164958.0
008 250721s1997 xx 000 0 ara d
082 1 4 _a657.4609565/ضرا
100 1 _aصيام، وليد زكريا
_eمؤلف
245 1 0 _aالضرائب و محاسبتها /
250 _aط2.، منقحة و معدلة
264 1 _aعمان :
_bدار المسيرة للنشر و التوزيع و الطباعة،
_c1997.
300 _a352ص
650 1 7 _aالمحاسبة
650 1 7 _aالضرائب
650 1 7 _aمحاسبة الضرائب
650 1 7 _aالأردن
942 _2ddc
_cBK
999 _c18921
_d18921